[Event "North Shore Open-A"]
[Site "Devonport"]
[Date "2015.09.19"]
[Round "1.1"]
[White "Zhang, Leo"]
[Black "Kulashko, Alexei"]
[Result "1/2-1/2"]
[WhiteElo "2089"]
[BlackElo "2133"]
[PlyCount "174"]
[EventDate "2015.09.20"]
[EventType "swiss"]
[EventRounds "5"]
[EventCountry "NZL"]
[SourceDate "2015.09.19"]

1. d4 g6 2. c4 Bg7 3. Nc3 c5 4. d5 Bxc3+ 5. bxc3 f5 6. Bf4 d6 7. e3 Qa5 8. Qc2
Nf6 9. Bd3 Nbd7 10. Ne2 Ne5 11. O-O Bd7 12. f3 Qa4 13. Qxa4 Bxa4 14. Nc1 O-O
15. Re1 Nfd7 16. Bxe5 dxe5 17. Rb1 b6 18. e4 f4 19. Rb2 Kg7 20. Bc2 Bxc2 21.
Rxc2 g5 22. Nd3 h5 23. Nf2 Nf6 24. Nd3 Nd7 25. Nf2 Rf6 26. Kf1 Nf8 27. Ke2 Ng6
28. Rb2 Nh8 29. Nd3 Nf7 30. Reb1 g4 31. a4 gxf3+ 32. gxf3 Rg6 33. Kf2 Kh7 34.
Rg1 Rag8 35. Rxg6 Rxg6 36. h4 a5 37. Rb1 Kg7 38. Rf1 Kf6 39. Rb1 Kg7 40. Rf1
Kf8 41. Rg1 Rxg1 42. Kxg1 Kg7 43. Kg2 Kf6 44. Kh3 Nd6 45. Nb2 Kf7 46. Kg2 Ke8
47. Kf2 Kd7 48. Kf1 e6 49. dxe6+ Kxe6 50. Kf2 Nc8 51. Ke2 Ne7 52. Kf2 Ng6 53.
Nd3 Nxh4 54. Ne1 Kf6 55. Nd3 Ng6 56. Kg2 Nh8 57. Kh3 Nf7 58. Kg2 Ng5 59. Ne1 h4
60. Kf2 h3 61. Kg1 Kg6 62. Kf2 Kh5 63. Kg1 Kh6 64. Kh1 Kg6 65. Kg1 Kf6 66. Kh2
Ke6 67. Kg1 Kd6 68. Kh2 Kc7 69. Kg1 Kd7 70. Kh2 Kd6 71. Kg1 b5 72. cxb5 c4 73.
Kh1 Ne6 74. Nc2 Ng5 75. Ne1 Kc5 76. Kh2 Kb6 77. Kh1 Kb7 78. Kh2 Kc7 79. Kh1 Ne6
80. Nc2 Nc5 81. Na3 Nxa4 82. Nxc4 Nxc3 83. b6+ Kb7 84. Nxa5+ Kxb6 85. Nc4+ Kc5
86. Nxe5 Kd4 87. Ng4 Nxe4 1/2-1/2

[Event "North Shore Open-A"]
[Site "Devonport"]
[Date "2015.09.19"]
[Round "1.2"]
[White "McLaren, Leonard J"]
[Black "Lim, Benjamin U"]
[Result "1-0"]
[WhiteElo "2336"]
[BlackElo "2080"]
[PlyCount "101"]
[EventDate "2015.09.20"]
[EventType "swiss"]
[EventRounds "5"]
[EventCountry "NZL"]
[SourceDate "2015.09.19"]

1. e4 c5 2. c3 Nf6 3. e5 Nd5 4. d4 cxd4 5. cxd4 d6 6. Nf3 g6 7. Bc4 Nb6 8. Bb3
Bg7 9. O-O Nc6 10. Qe2 e6 11. Rd1 O-O 12. Nc3 d5 13. Bg5 Qd7 14. h4 h6 15. Bf4
f5 16. exf6 Rxf6 17. Be5 Rf8 18. Bc2 Nc4 19. b3 N4xe5 20. dxe5 Qc7 21. Nb5 Qb8
22. Re1 a6 23. Nbd4 Ne7 24. Rad1 Bd7 25. h5 g5 26. Qd3 Rf7 27. Re3 Bh8 28. Rde1
Qf8 29. Nh2 Qg7 30. Ng4 Nf5 31. Nf6+ Rxf6 32. exf6 Qxf6 33. Nxe6 Bb5 34. Qxf5
Qxf5 35. Bxf5 d4 36. Re4 Bd3 37. Nc7 Bxe4 38. Rxe4 Rd8 39. Re8+ Rxe8 40. Nxe8
Be5 41. Kf1 Kf8 42. Bg6 Ke7 43. Ke2 Kd7 44. Kd3 Bh8 45. Ke4 Kc6 46. Bf5 b6 47.
g3 b5 48. f4 gxf4 49. gxf4 a5 50. Be6 Kc5 51. f5 1-0

[Event "North Shore Open-A"]
[Site "Devonport"]
[Date "2015.09.19"]
[Round "1.3"]
[White "Fan, Allen Chi Zhou"]
[Black "Capel, Evan T"]
[Result "0-1"]
[WhiteElo "2017"]
[BlackElo "2270"]
[PlyCount "132"]
[EventDate "2015.09.20"]
[EventType "swiss"]
[EventRounds "5"]
[EventCountry "NZL"]
[SourceDate "2015.09.19"]

1. Nf3 Nf6 2. c4 c5 3. g3 Nc6 4. d4 cxd4 5. Nxd4 Qb6 6. e3 Nxd4 7. exd4 Qc6 8.
d5 Qc7 9. Bf4 d6 10. Nc3 g6 11. Nb5 Qa5+ 12. Bd2 Qd8 13. Bg2 Bg7 14. Bc3 Bg4
15. Qa4 O-O 16. O-O Qd7 17. Qb3 Bh3 18. Rfe1 Bxg2 19. Kxg2 Rfe8 20. a4 h5 21.
h4 a6 22. Nd4 Rac8 23. Re2 Qc7 24. Nf3 Qxc4 25. Qxc4 Rxc4 26. Nd2 Rc7 27. Rd1
Nxd5 28. Bxg7 Kxg7 29. Ne4 Nf6 30. Nxf6 Kxf6 31. Rxd6+ exd6 32. Rxe8 Rc2 33.
Re3 Rxb2 34. Rd3 Ke6 35. Re3+ Kd7 36. Rf3 f5 37. Rc3 Rb4 38. Ra3 d5 39. Kf3 Kd6
40. Ke3 Kc5 41. Kd3 Kb6 42. a5+ Kb5 43. Kc3 Rc4+ 44. Kb3 d4 45. Kb2 Rc3 46. Ra2
Kc4 47. Ra4+ Kc5 48. Ra2 Kb4 49. Ra1 Rf3 50. Kc2 Rxf2+ 51. Kd3 Kc5 52. Rc1+ Kd5
53. Rc7 Rf3+ 54. Kd2 Rxg3 55. Rxb7 Ra3 56. Rb6 Rxa5 57. Rxg6 Ra2+ 58. Kd3 Ra3+
59. Kd2 Ke4 60. Rh6 Ra2+ 61. Kc1 f4 62. Rxh5 f3 63. Rh8 f2 64. Re8+ Kd3 65. Rf8
f1=R+ 66. Rxf1 Ra1+ 0-1

[Event "North Shore Open-A"]
[Site "Devonport"]
[Date "2015.09.19"]
[Round "1.4"]
[White "Hart, Ralph"]
[Black "Johns, Daniel P"]
[Result "1-0"]
[WhiteElo "2253"]
[BlackElo "1987"]
[PlyCount "47"]
[EventDate "2015.09.20"]
[EventType "swiss"]
[EventRounds "5"]
[EventCountry "NZL"]
[SourceDate "2015.09.19"]

1. e4 e5 2. Nf3 Nc6 3. c3 Nf6 4. d4 Nxe4 5. d5 Ne7 6. Nxe5 d6 7. Bb5+ c6 8.
dxc6 bxc6 9. Nxc6 Qb6 10. Nd4+ Bd7 11. Bxd7+ Kxd7 12. O-O Nf6 13. Qa4+ Nc6 14.
Re1 Rc8 15. Be3 Qa5 16. Qb3 Qd5 17. Nd2 Rb8 18. Qa4 Be7 19. c4 Qc5 20. N2b3 Qb6
21. c5 dxc5 22. Nxc6 Qxc6 23. Rad1+ Bd6 24. Nxc5+ 1-0

[Event "North Shore Open-A"]
[Site "Devonport"]
[Date "2015.09.19"]
[Round "1.5"]
[White "Runcan, Daniel I"]
[Black "Morrell, Gordon"]
[Result "1/2-1/2"]
[WhiteElo "1973"]
[BlackElo "2092"]
[PlyCount "46"]
[EventDate "2015.09.20"]
[EventType "swiss"]
[EventRounds "5"]
[EventCountry "NZL"]
[SourceDate "2015.09.19"]

1. e4 c5 2. Nc3 a6 3. Bc4 e6 4. a4 Nc6 5. Nge2 Nf6 6. d3 Be7 7. Bg5 O-O 8. O-O
d6 9. Kh1 Rb8 10. Ng3 Nd4 11. Nce2 b5 12. Nxd4 cxd4 13. axb5 axb5 14. Bb3 Nxe4
15. dxe4 Bxg5 16. f4 Bh4 17. f5 Bxg3 18. hxg3 Qg5 19. Qxd4 Qxg3 20. Rad1 exf5
21. exf5 Bb7 22. Bd5 Bxd5 23. Qxd5 Rbc8 1/2-1/2

[Event "North Shore Open-A"]
[Site "Devonport"]
[Date "2015.09.19"]
[Round "1.6"]
[White "Duneas, John"]
[Black "Post, Martin J"]
[Result "1-0"]
[WhiteElo "2181"]
[BlackElo "1918"]
[PlyCount "93"]
[EventDate "2015.09.20"]
[EventType "swiss"]
[EventRounds "5"]
[EventCountry "NZL"]
[SourceDate "2015.09.19"]

1. d4 Nf6 2. c4 c5 3. d5 e6 4. Nc3 exd5 5. cxd5 d6 6. Nf3 g6 7. g3 Bg7 8. Bg2
O-O 9. O-O Na6 10. Nd2 Nc7 11. a4 Rb8 12. Nc4 a6 13. Bf4 Nce8 14. Qd2 b5 15.
axb5 axb5 16. Na5 b4 17. Ne4 Nxe4 18. Bxe4 Qf6 19. Nc6 Rb6 20. Rab1 h6 21. Bxh6
Bxh6 22. Qxh6 Ba6 23. Bf3 Nc7 24. h4 Re8 25. Rfe1 Bc4 26. Qd2 Bb5 27. Na5 Ra8
28. Nb3 Bc4 29. Nc1 Qf5 30. Nd3 Bxd5 31. Nf4 Bxf3 32. exf3 Rd8 33. Ra1 Ne6 34.
Nxe6 fxe6 35. Ra7 Rdb8 36. Qe3 e5 37. Qb3+ Kf8 38. Qd5 Re8 39. Rh7 Qe6 40. Qd2
Kg8 41. Rh6 Qf7 42. Qg5 Kg7 43. h5 Re6 44. Ra1 Rb7 45. Ra8 Qf6 46. Rxg6+ Qxg6
47. hxg6 1-0

[Event "North Shore Open-A"]
[Site "Devonport"]
[Date "2015.09.19"]
[Round "1.7"]
[White "Hair, Philip I"]
[Black "Ang, Alphaeus Wei Ern"]
[Result "0-1"]
[WhiteElo "1910"]
[BlackElo "2165"]
[PlyCount "36"]
[EventDate "2015.09.20"]
[EventType "swiss"]
[EventRounds "5"]
[EventCountry "NZL"]
[SourceDate "2015.09.19"]

1. e4 Nc6 2. Nc3 Nf6 3. d4 d5 4. exd5 Nxd5 5. g3 Bf5 6. a3 Nxc3 7. bxc3 Qd5 8.
f3 e5 9. Be3 O-O-O 10. c4 Qa5+ 11. Bd2 Qa4 12. d5 Bxc2 13. Qc1 Nd4 14. Bc3 Bc5
15. Bxd4 exd4 16. Kd2 Rhe8 17. Bh3+ Kb8 18. Ne2 d3 0-1

[Event "North Shore Open-A"]
[Site "Devonport"]
[Date "2015.09.19"]
[Round "1.8"]
[White "Krstev, Antonio"]
[Black "Gilmour, Mark"]
[Result "1-0"]
[WhiteElo "2133"]
[BlackElo "1870"]
[PlyCount "53"]
[EventDate "2015.09.20"]
[EventType "swiss"]
[EventRounds "5"]
[EventCountry "NZL"]
[SourceDate "2015.09.19"]

1. d4 Nf6 2. c4 e6 3. Nc3 d5 4. Nf3 c6 5. Bg5 Nbd7 6. e3 Qa5 7. Nd2 Bb4 8. Qc2
O-O 9. a3 Bxc3 10. Qxc3 Qxc3 11. bxc3 Ne4 12. Nxe4 dxe4 13. Be7 Re8 14. Bd6 e5
15. a4 a5 16. c5 exd4 17. cxd4 Nf6 18. Bc4 Nd5 19. Bxd5 cxd5 20. Ke2 Bd7 21.
Rhb1 Bc6 22. Rb6 Rad8 23. Kd2 Rd7 24. Kc3 Re6 25. Rab1 Rg6 26. Rxc6 h6 27. Rc7
1-0

[Event "North Shore Open-A"]
[Site "Devonport"]
[Date "2015.09.19"]
[Round "1.9"]
[White "Riding, Christopher L"]
[Black "Gong, Daniel Hanwen"]
[Result "0-1"]
[WhiteElo "1824"]
[BlackElo "2128"]
[PlyCount "88"]
[EventDate "2015.09.20"]
[EventType "swiss"]
[EventRounds "5"]
[EventCountry "NZL"]
[SourceDate "2015.09.19"]

1. d4 Nf6 2. Nf3 g6 3. g3 Bg7 4. Bg2 O-O 5. O-O d6 6. c4 Nbd7 7. Nc3 e5 8. e4
exd4 9. Nxd4 Ne5 10. b3 Re8 11. Bb2 Bg4 12. Qc2 Bd7 13. Rad1 Qc8 14. Qd2 Bh3
15. f4 Bxg2 16. Kxg2 Ned7 17. Rde1 b6 18. f5 Nc5 19. fxg6 hxg6 20. Qg5 Re5 21.
Qf4 Nd3 22. Qf3 Nxe1+ 23. Rxe1 Rh5 24. h4 Qg4 25. e5 Qxf3+ 26. Nxf3 dxe5 27.
Ng5 Nh7 28. Nf3 e4 29. Rxe4 Rd8 30. g4 Rc5 31. b4 Rc6 32. Nd5 Rxd5 33. Re8+ Bf8
34. cxd5 Rc2+ 35. Kg3 Rxb2 36. Ne5 Kg7 37. Kf3 Rxa2 38. h5 Ra3+ 39. Ke4 Nf6+
40. Kd4 Nxe8 41. Nd7 Bxb4 42. Ne5 Bc3+ 43. Ke4 Nd6+ 44. Kf4 Bd2# 0-1

[Event "North Shore Open-A"]
[Site "Devonport"]
[Date "2015.09.19"]
[Round "1.10"]
[White "Milligan, Helen"]
[Black "Serrate, Michael"]
[Result "1/2-1/2"]
[WhiteElo "2092"]
[BlackElo "1822"]
[PlyCount "117"]
[EventDate "2015.09.20"]
[EventType "swiss"]
[EventRounds "5"]
[EventCountry "NZL"]
[SourceDate "2015.09.19"]

1. e4 c5 2. Nf3 Nc6 3. Bb5 g6 4. Bxc6 dxc6 5. d3 Bg7 6. h3 Nf6 7. Nc3 Qc7 8.
Be3 b6 9. Qd2 Nd7 10. Bf4 Ne5 11. Nxe5 Bxe5 12. Bxe5 Qxe5 13. f4 Qh5 14. O-O
O-O 15. Nd1 Ba6 16. Ne3 Rad8 17. b3 c4 18. bxc4 Qc5 19. Qf2 Qd4 20. Ng4 f6 21.
Qxd4 Rxd4 22. Ne3 Kg7 23. Rab1 Rfd8 24. Rb3 Bc8 25. a4 Be6 26. f5 Bf7 27. fxg6
hxg6 28. Rbb1 Rb8 29. h4 e6 30. Ng4 f5 31. Ne5 Be8 32. Nf3 Rd6 33. exf5 exf5
34. Rfe1 Kf6 35. d4 Re6 36. c3 Rxe1+ 37. Nxe1 g5 38. hxg5+ Kxg5 39. Nf3+ Kf4
40. Kf2 Ke4 41. Ke2 Bh5 42. Rd1 Rg8 43. Rg1 Rxg2+ 44. Rxg2 Bxf3+ 45. Kf2 Bxg2
46. Kxg2 a6 47. Kf2 b5 48. cxb5 cxb5 49. axb5 axb5 50. Ke2 Kd5 51. Ke3 Kc4 52.
Kf4 Kxc3 53. d5 b4 54. d6 b3 55. d7 b2 56. d8=Q b1=Q 57. Qf6+ Kd2 58. Qxf5
Qxf5+ 59. Kxf5 1/2-1/2

[Event "North Shore Open-A"]
[Site "Devonport"]
[Date "2015.09.19"]
[Round "1.11"]
[White "Lyall, Simon"]
[Black "Kumar, Vinod"]
[Result "1-0"]
[WhiteElo "1808"]
[BlackElo "2091"]
[PlyCount "111"]
[EventDate "2015.09.20"]
[EventType "swiss"]
[EventRounds "5"]
[EventCountry "NZL"]
[SourceDate "2015.09.19"]

1. e4 d5 2. exd5 Nf6 3. d4 Bg4 4. Nf3 Qxd5 5. Nc3 Qf5 6. Bd3 Bxf3 7. Qxf3 Qxf3
8. gxf3 c6 9. Bf4 Nbd7 10. O-O-O e6 11. Ne4 Nh5 12. Bc7 Nb6 13. Nd6+ Bxd6 14.
Bxd6 O-O-O 15. Bc5 Na4 16. c3 Nxc5 17. dxc5 Rd5 18. b4 Rhd8 19. Be4 Rg5 20.
Rdg1 Rxg1+ 21. Rxg1 f5 22. Bc2 g6 23. Bb3 Nf4 24. Kc2 Kc7 25. Re1 Re8 26. Re5
Kd7 27. Kd2 Ke7 28. Kc2 g5 29. Bc4 Rg8 30. Rxf5 Rg6 31. Re5 Kf6 32. Re1 Rh6 33.
Rh1 Rh3 34. b5 Rxf3 35. bxc6 bxc6 36. Rf1 h5 37. Ba6 Nd5 38. Bd3 g4 39. a3 Kg5
40. Kd2 e5 41. Be4 Rf8 42. f3 Rd8 43. fxg4 Nf6+ 44. Ke3 Nxe4 45. Rf5+ Kxg4 46.
Kxe4 h4 47. Rxe5 Kh3 48. Re6 Kxh2 49. Rxc6 Kg2 50. Rg6+ Kh2 51. c6 h3 52. c7
Rh8 53. Kd5 Kh1 54. Kc6 h2 55. Kb7 a5 56. c8=Q 1-0

[Event "North Shore Open-A"]
[Site "Devonport"]
[Date "2015.09.19"]
[Round "1.12"]
[White "Zhang, Jasmine Haomao"]
[Black "Cooper, Nigel M"]
[Result "1-0"]
[WhiteElo "1769"]
[BlackElo "1876"]
[PlyCount "31"]
[EventDate "2015.09.20"]
[EventType "swiss"]
[EventRounds "5"]
[EventCountry "NZL"]
[SourceDate "2015.09.19"]

1. d4 d5 2. c4 c6 3. cxd5 cxd5 4. Nc3 Nf6 5. Bf4 e6 6. e3 Bd6 7. Bg3 O-O 8. Bd3
b6 9. Nf3 Ba6 10. Rc1 Bxd3 11. Qxd3 Bxg3 12. hxg3 Nc6 13. a3 Qd7 14. Ne5 Qe8
15. Nxd5 Nxe5 16. Nxf6+ 1-0

[Event "North Shore Open-A"]
[Site "Devonport"]
[Date "2015.09.19"]
[Round "2.1"]
[White "Ang, Alphaeus Wei Ern"]
[Black "McLaren, Leonard J"]
[Result "1-0"]
[WhiteElo "2165"]
[BlackElo "2336"]
[PlyCount "83"]
[EventDate "2015.09.20"]
[EventType "swiss"]
[EventRounds "5"]
[EventCountry "NZL"]
[SourceDate "2015.09.19"]

1. d4 Nf6 2. c4 e6 3. Nc3 Bb4 4. Qc2 Nc6 5. Nf3 d6 6. a3 Bxc3+ 7. Qxc3 O-O 8.
Bg5 h6 9. Bxf6 Qxf6 10. b4 e5 11. d5 Nd4 12. e4 Bg4 13. Nxd4 exd4 14. Qd3 c6
15. f3 cxd5 16. cxd5 Bd7 17. Rd1 Ba4 18. Rd2 Rac8 19. Qxd4 Rc1+ 20. Kf2 Qxd4+
21. Rxd4 Rfc8 22. Rd2 Ra1 23. Rg1 Rcc1 24. f4 Kf8 25. e5 Ke7 26. g3 a6 27. Rb2
Bb5 28. Bxb5 Rxg1 29. Be2 Rgb1 30. Rd2 Rxa3 31. Rc2 Rxb4 32. Rc7+ Kd8 33. Rxf7
Re4 34. Bg4 dxe5 35. d6 exf4 36. Rf8+ Re8 37. Rf7 Ra2+ 38. Kf1 h5 39. Bh3 Rxh2
40. Rd7+ Kc8 41. Re7+ Rxh3 42. d7+ 1-0

[Event "North Shore Open-A"]
[Site "Devonport"]
[Date "2015.09.19"]
[Round "2.2"]
[White "Capel, Evan T"]
[Black "Krstev, Antonio"]
[Result "1-0"]
[WhiteElo "2270"]
[BlackElo "2133"]
[PlyCount "97"]
[EventDate "2015.09.20"]
[EventType "swiss"]
[EventRounds "5"]
[EventCountry "NZL"]
[SourceDate "2015.09.19"]

1. Nf3 Nf6 2. c4 d6 3. d4 g6 4. b4 a5 5. b5 Bg7 6. Bb2 O-O 7. e3 c5 8. Be2 Nbd7
9. O-O e5 10. dxe5 Ng4 11. h3 Ngxe5 12. Qb3 b6 13. Rd1 a4 14. Qa3 Bb7 15. Nxe5
Nxe5 16. Nc3 f5 17. Nd5 f4 18. exf4 Bxd5 19. fxe5 Bb7 20. Rxd6 Qc7 21. Rad1 Qf7
22. Qg3 Rae8 23. Rd7 Re7 24. Rxe7 Qxe7 25. Bg4 Rd8 26. Be6+ Kh8 27. Bd5 Bc8 28.
Re1 Bf5 29. Bc1 h6 30. Bd2 Kh7 31. Bc3 Re8 32. e6 Qg5 33. Qxg5 hxg5 34. Bxg7
Kxg7 35. g4 Bc2 36. e7 a3 37. Bc6 Kf7 38. Bxe8+ Kxe8 39. Re3 Bb1 40. Rxa3 Kxe7
41. Kf1 Kd6 42. Ke2 Ke5 43. Ke3 Kd6 44. Ra7 Ke5 45. f3 Kd6 46. Rb7 Bxa2 47.
Rxb6+ Ke7 48. Rxg6 Bxc4 49. Rxg5 1-0

[Event "North Shore Open-A"]
[Site "Devonport"]
[Date "2015.09.19"]
[Round "2.3"]
[White "Gong, Daniel Hanwen"]
[Black "Hart, Ralph"]
[Result "1-0"]
[WhiteElo "2128"]
[BlackElo "2253"]
[PlyCount "39"]
[EventDate "2015.09.20"]
[EventType "swiss"]
[EventRounds "5"]
[EventCountry "NZL"]
[SourceDate "2015.09.19"]

1. c4 b6 2. Nc3 Bb7 3. d4 e6 4. e4 Bb4 5. Bd3 Nc6 6. Nge2 Bxc3+ 7. bxc3 d6 8.
O-O Nge7 9. f4 f5 10. d5 fxe4 11. Bxe4 Na5 12. Nd4 exd5 13. Ne6 dxe4 14. Nxd8
Rxd8 15. f5 Rd7 16. Qh5+ Kd8 17. f6 gxf6 18. Rxf6 Nxc4 19. Qxh7 Rg8 20. Qf7 1-0

[Event "North Shore Open-A"]
[Site "Devonport"]
[Date "2015.09.19"]
[Round "2"]
[White "Lyall, Simon"]
[Black "Duneas, John"]
[Result "0-1"]
[WhiteElo "1808"]
[BlackElo "2181"]
[PlyCount "90"]
[EventDate "2015.09.20"]
[EventType "swiss"]
[EventRounds "5"]
[EventCountry "NZL"]
[SourceDate "2015.09.19"]

1. e4 e6 2. d4 d5 3. e5 c5 4. c3 Qb6 5. Nf3 Nc6 6. a3 f6 7. Bd3 Bd7 8. Bc2 Rc8
9. b4 cxd4 10. cxd4 Bxb4+ 11. axb4 Nxb4 12. Na3 Qc6 13. Bb1 Qxc1 14. O-O Qxd1
15. Rxd1 Ne7 16. Ne1 Ba4 17. Rd2 fxe5 18. dxe5 Kd7 19. Nac2 Bxc2 20. Nxc2 Nbc6
21. f4 h6 22. Nd4 Nxd4 23. Rxd4 Nc6 24. Rd1 g5 25. f5 a6 26. Re1 Rhf8 27. f6
Rc7 28. Ra3 Nxe5 29. Rae3 Ng4 30. Rxe6 Nxf6 31. Bf5 Kd8 32. Rd6+ Nd7 33. Rxd5
Rf7 34. Bg6 Re7 35. Rf1 Rc5 36. Rd2 Kc7 37. Rfd1 Nf8 38. Bh5 Rd7 39. Rxd7+ Nxd7
40. Rf1 b5 41. Rf7 Rd5 42. Rh7 Rd6 43. Bg4 b4 44. Bxd7 Rxd7 45. Rxh6 b3 0-1

[Event "North Shore Open-A"]
[Site "Devonport"]
[Date "2015.09.19"]
[Round "2.5"]
[White "Kulashko, Alexei"]
[Black "Zhang, Jasmine Haomao"]
[Result "1-0"]
[WhiteElo "2133"]
[BlackElo "1769"]
[PlyCount "65"]
[EventDate "2015.09.20"]
[EventType "swiss"]
[EventRounds "5"]
[EventCountry "NZL"]
[SourceDate "2015.09.19"]

1. e4 c5 2. Nc3 e6 3. g3 d6 4. Bg2 g6 5. d4 Qc7 6. dxc5 Qxc5 7. Nge2 Be7 8. Be3
Qc7 9. O-O Nf6 10. Bh6 Bd7 11. Nd4 a6 12. Qf3 Rg8 13. Bg5 Nh5 14. Bxe7 Kxe7 15.
Nf5+ Ke8 16. Nh6 Rf8 17. g4 Bc6 18. gxh5 Nd7 19. Rad1 Ne5 20. Qf6 Qe7 21. Qxe7+
Kxe7 22. f4 Nc4 23. Rd4 Nb6 24. hxg6 hxg6 25. e5 d5 26. Ng4 Rac8 27. Nf6 Rh8
28. b3 Rh4 29. h3 Bd7 30. Rf3 Rhh8 31. Rb4 Rc6 32. Rxb6 Rxb6 33. Nfxd5+ 1-0

[Event "North Shore Open-A"]
[Site "Devonport"]
[Date "2015.09.19"]
[Round "2.6"]
[White "Morrell, Gordon"]
[Black "Zhang, Leo"]
[Result "1-0"]
[WhiteElo "2092"]
[BlackElo "2089"]
[PlyCount "69"]
[EventDate "2015.09.20"]
[EventType "swiss"]
[EventRounds "5"]
[EventCountry "NZL"]
[SourceDate "2015.09.19"]

1. Nf3 g6 2. e4 c5 3. d4 cxd4 4. c3 dxc3 5. Nxc3 Bg7 6. Bc4 d6 7. O-O Nf6 8.
Qe2 O-O 9. Rd1 Qa5 10. e5 dxe5 11. Nxe5 e6 12. Nb5 Nd5 13. Nxf7 Rxf7 14. Rxd5
exd5 15. Bxd5 Qd8 16. Qc4 Kf8 17. Bg5 Bf6 18. Bh6+ Bg7 19. Bxf7 Bxh6 20. Re1
Kg7 21. Be8 Na6 22. Qf7+ Kh8 23. Bc6 bxc6 24. Re8+ Qxe8 25. Qxe8+ Kg7 26. Qxc6
Rb8 27. Nd6 Rb6 28. Qc3+ Kg8 29. Qc4+ Kg7 30. Nxc8 Rf6 31. Ne7 Rf7 32. Nd5 Nb8
33. Qc3+ Kg8 34. Nf6+ Kf8 35. Qb4+ 1-0

[Event "North Shore Open-A"]
[Site "Devonport"]
[Date "2015.09.19"]
[Round "2.7"]
[White "Mukkattu, Philip"]
[Black "Milligan, Helen"]
[Result "0-1"]
[WhiteElo "1767"]
[BlackElo "2092"]
[PlyCount "48"]
[EventDate "2015.09.20"]
[EventType "swiss"]
[EventRounds "5"]
[EventCountry "NZL"]
[SourceDate "2015.09.19"]

1. d4 Nf6 2. c4 g6 3. Nf3 Bg7 4. Nc3 d6 5. e4 Nbd7 6. Bd3 e5 7. d5 Nc5 8. Bc2
a5 9. O-O O-O 10. h3 Nh5 11. Be3 Nf4 12. Qd2 f5 13. Bxc5 dxc5 14. exf5 gxf5 15.
Kh2 Ra6 16. Rfe1 Ng6 17. Qe3 e4 18. Ng1 Bd4 19. Qd2 Ne5 20. b3 Qf6 21. Nge2
Ng4+ 22. Kg1 Bxf2+ 23. Kf1 Be3 24. Nxe4 Nh2# 0-1

[Event "North Shore Open-A"]
[Site "Devonport"]
[Date "2015.09.19"]
[Round "2.8"]
[White "Serrate, Michael"]
[Black "Runcan, Daniel I"]
[Result "1/2-1/2"]
[WhiteElo "1822"]
[BlackElo "1973"]
[PlyCount "67"]
[EventDate "2015.09.20"]
[EventType "swiss"]
[EventRounds "5"]
[EventCountry "NZL"]
[SourceDate "2015.09.19"]

1. e4 c5 2. Nf3 d6 3. Bd3 Nc6 4. c3 g6 5. Bc2 Bg7 6. d4 cxd4 7. cxd4 Bg4 8. Ba4
Bd7 9. O-O a6 10. Nc3 b5 11. Bb3 Na5 12. Bd5 Rc8 13. a3 Nf6 14. Bxf7+ Kxf7 15.
e5 dxe5 16. dxe5 Bf5 17. Ng5+ Ke8 18. Qxd8+ Rxd8 19. exf6 Bxf6 20. Nce4 Nb3 21.
Ra2 h6 22. Nxf6+ exf6 23. Re1+ Kd7 24. Nf7 Rhe8 25. Rd1+ Kc8 26. Nxd8 Rxd8 27.
Re1 Bb1 28. Ra1 Nxa1 29. Bxh6 Bf5 30. Rxa1 g5 31. b4 Rd7 32. h3 Kd8 33. g4 Be6
34. f4 1/2-1/2

[Event "North Shore Open-A"]
[Site "Devonport"]
[Date "2015.09.19"]
[Round "2.9"]
[White "Kumar, Vinod"]
[Black "Post, Martin J"]
[Result "1/2-1/2"]
[WhiteElo "2091"]
[BlackElo "1918"]
[PlyCount "60"]
[EventDate "2015.09.20"]
[EventType "swiss"]
[EventRounds "5"]
[EventCountry "NZL"]
[SourceDate "2015.09.19"]

1. d4 Nf6 2. c4 c5 3. d5 e6 4. Nc3 exd5 5. cxd5 d6 6. e4 g6 7. Be2 Bg7 8. Nf3
O-O 9. O-O Bg4 10. Nd2 Bxe2 11. Qxe2 Re8 12. Nc4 b5 13. Nxb5 Nxe4 14. Qd3 a6
15. Nc3 f5 16. Bf4 g5 17. Be3 Nd7 18. Nxe4 Rxe4 19. Nd2 Re5 20. Nc4 f4 21. Bd2
Re8 22. Bc3 Ne5 23. Nxe5 Bxe5 24. Rfe1 Qf6 25. f3 Re7 26. Rac1 Rae8 27. Kf1 Qh6
28. Bxe5 Rxe5 29. Rxe5 Rxe5 30. h3 Qf6 1/2-1/2

[Event "North Shore Open-A"]
[Site "Devonport"]
[Date "2015.09.19"]
[Round "2.10"]
[White "Lim, Benjamin U"]
[Black "Hair, Philip I"]
[Result "0-1"]
[WhiteElo "2080"]
[BlackElo "1910"]
[PlyCount "101"]
[EventDate "2015.09.20"]
[EventType "swiss"]
[EventRounds "5"]
[EventCountry "NZL"]
[SourceDate "2015.09.19"]

1. e4 g6 2. d4 Bg7 3. Nc3 c6 4. f4 d5 5. e5 h5 6. Be3 Bg4 7. Nf3 e6 8. h3 Bxf3
9. Qxf3 Nd7 10. g3 Ne7 11. g4 Qb6 12. O-O-O O-O-O 13. Bd3 Bh6 14. Rhf1 a6 15.
Kb1 Rdf8 16. f5 hxg4 17. hxg4 Nxe5 18. dxe5 Qxe3 19. f6 Ng8 20. Qh1 Qxe5 21.
Rde1 Qg5 22. Qh2 Nxf6 23. Qf2 Nd7 24. Qa7 Qd8 25. Na4 Qa5 26. b3 Bg7 27. Qf2
Kb8 28. c4 Rh3 29. Rd1 Be5 30. cxd5 cxd5 31. Bc2 Rh2 32. Qf3 f5 33. g5 Rc8 34.
Rf2 Rxf2 35. Qxf2 b5 36. Nb2 Qc3 37. Bd3 Bd4 38. Qd2 e5 39. Qxc3 Rxc3 40. Be2
Nc5 41. Nd3 Nxd3 42. Bxd3 Be3 43. Bc2 d4 44. Kb2 Bf4 45. Rh1 e4 46. Rh6 Rc6 47.
b4 Bxg5 48. Rh7 d3 49. Bb3 Bc1+ 50. Kb1 Ba3 51. Bd5 0-1

[Event "North Shore Open-A"]
[Site "Devonport"]
[Date "2015.09.19"]
[Round "2.11"]
[White "Cooper, Nigel M"]
[Black "Fan, Allen Chi Zhou"]
[Result "0-1"]
[WhiteElo "1876"]
[BlackElo "2017"]
[PlyCount "58"]
[EventDate "2015.09.20"]
[EventType "swiss"]
[EventRounds "5"]
[EventCountry "NZL"]
[SourceDate "2015.09.19"]

1. Nc3 Nf6 2. d4 g6 3. e4 d6 4. Be2 Bg7 5. Be3 O-O 6. Qd2 b6 7. Bh6 Bb7 8. Bxg7
Kxg7 9. f3 c5 10. d5 e6 11. dxe6 fxe6 12. O-O-O d5 13. Bc4 d4 14. g4 Qe7 15.
Nce2 Nbd7 16. Nf4 Ne5 17. Nxe6+ Kh8 18. Nxf8 Nxc4 19. Nxg6+ hxg6 20. Qh6+ Qh7
21. Qg5 Qg7 22. Ne2 Nh7 23. Qh4 d3 24. Nc3 d2+ 25. Rxd2 Nxd2 26. Kxd2 Qd4+ 27.
Ke2 Ba6+ 28. Ke1 Qe3+ 29. Ne2 Qxe2# 0-1

[Event "North Shore Open-A"]
[Site "Devonport"]
[Date "2015.09.19"]
[Round "2.12"]
[White "Johns, Daniel P"]
[Black "Riding, Christopher L"]
[Result "0-1"]
[WhiteElo "1987"]
[BlackElo "1824"]
[PlyCount "50"]
[EventDate "2015.09.20"]
[EventType "swiss"]
[EventRounds "5"]
[EventCountry "NZL"]
[SourceDate "2015.09.19"]

1. e4 c5 2. Nf3 Nc6 3. d4 cxd4 4. Nxd4 Nf6 5. Nc3 d6 6. Be2 g6 7. Be3 Bg7 8. f3
Bd7 9. Qd2 a6 10. O-O-O b5 11. Nxc6 Bxc6 12. g4 Qa5 13. Kb1 Rc8 14. g5 Nd7 15.
Nd5 Qxd2 16. Rxd2 Bxd5 17. Rxd5 Ne5 18. b3 Nc6 19. c4 Nb4 20. Rdd1 O-O 21. Rc1
Ra8 22. Bd2 Nc6 23. cxb5 Nd4 24. Bd1 Nxb5 25. f4 Na3# 0-1